000 00355nam a22001457a 4500
005 20200606105619.0
008 200606b xxu||||| |||| 00| 0 eng d
082 _a345.4
110 _aL.I.C
_95787
245 _aL.I.C. 2006 (V-2) APRIL TO JUNE
260 _aMUMBAI
_bALL INDIA REPORTER PVT.LTD.
300 _a2208;p
650 _aLAW
_95701
942 _cJRL
999 _c6837
_d6835